Physics for Medical Imaging Applications

Guardado en:
Detalles Bibliográficos
Autor principal: Lemoigne, Yves
Otros Autores: Caner, Alessandra, Rahal, Ghita
Formato: Libro
Lenguaje:inglés
Publicado: Dordrecht Springer 2007
Materias:
Acceso en línea:Ver en el OPAC
Etiquetas: Agregar Etiqueta
Sin Etiquetas, Sea el primero en etiquetar este registro!

MARC

LEADER 00000nam a2200000 a 4500
005 20260127133938.0
008 070716 2007 ne 000 0 eng d
020 |a 1402056499 
035 |a vtls009007350 
039 9 |a 200707160858  |b mschk03  |c 200707160846  |d mschk03  |y 200707160845  |z mschk03 
040 |a STUSCHK1  |b slo  |c STUSCHK1  |e AACR2 
080 |a 616.07 
100 1 |a Lemoigne, Yves 
245 1 |a Physics for Medical Imaging Applications  |c Yves Lemoigne, Alessandra Caner, Ghita Rahal 
260 |a Dordrecht  |b Springer  |c 2007 
300 |a xvii, 406 p.  |b ill.  |c 24 cm 
650 0 |a Physics Imaging 
650 0 |a Physics Medica 
700 1 |a Caner, Alessandra 
700 1 |a Rahal, Ghita 
910 |a SCHK95 
919 |a 1-4020-5649-9 
999 |c 600  |d 600